| 000 | 00613nam a22002297a 4500 | ||
|---|---|---|---|
| 005 | 20170124105956.0 | ||
| 010 | _a441543 | ||
| 020 | _c00.00 | ||
| 035 | _a441543 | ||
| 037 | _bCen Lib/Ret | ||
| 040 |
_aDPL _bEN |
||
| 082 |
_a361.3 _bFOR |
||
| 100 |
_aForder, Anthony _914755 |
||
| 245 |
_aSocial casework and administration / _cby Anthony Forder |
||
| 260 |
_aLondon _bFaber and Faber _c1966 |
||
| 270 | _bLondon | ||
| 300 |
_a244p. _c21cm(Hb) |
||
| 500 | _aIncludes index | ||
| 650 |
_aSocial casework _914756 |
||
| 650 |
_aSocial workers _914757 |
||
| 942 |
_2ddc _cEN _h361.3 _mFOR |
||
| 999 |
_c125555 _d125555 |
||